000 00776nmc a2200277 a 4500
003 AR-BaBNM
005 20251128211800.0
008 116020s2005 ||||||||||||||000 | spa||
020 _a84-7827-358-1
040 _cAR-BaBNM
100 1 _aGreene, Maxine
245 1 0 _aLiberar la imaginación
_bensayos sobre educación, arte y cambio social
250 _a1ª ed.
260 _aBarcelona
_bGraó
_c2005
300 0 _a323 p.
490 0 _aMicro-macro referencias. Filosofía de la educación
_v5
504 _aContiene referencias bibliográficas
650 4 _aPEDAGOGIA
650 4 _aPAPEL DE LA EDUCACION
650 4 _aFINALIDADES DE LA EDUCACION
650 4 _aIMAGINACION
650 4 _aARTE
800 1 _aQuera, Pilar
942 _cBK
998 _cme-solo cat
999 _c21090
_d21090